| 000 | 00477nam a2200181Ia 4500 | ||
|---|---|---|---|
| 005 | 20250603145056.0 | ||
| 008 | 250603s9999 xx 000 0 und d | ||
| 020 | _a9781119221845 | ||
| 050 | _aTC 1665 .C45/ | ||
| 100 | _aChandrasekaran, Srinivasan | ||
| 245 | 0 | _aHealth, safety, and environmental management in offshore and petroleum engineering | |
| 260 | _aChichester | ||
| 260 | _bWiley | ||
| 260 | _c2016 | ||
| 300 | _a236 p | ||
| 650 | _aChichester | ||
| 942 | _cBK | ||
| 999 |
_c40795 _d40795 |
||